| 000 | 00703nam a22001457a 4500 | ||
|---|---|---|---|
| 040 | _cMCS (NUST) | ||
| 082 | _a005.8,SAE | ||
| 100 |
_aSaeed, Amna _935002 |
||
| 245 |
_aSelf Healing Group Key Management Protocols / _cAmna Saeed |
||
| 260 |
_aRawalpindi _bMCS (NUST) _cMar 2013 |
||
| 300 | _axiii,79 p, | ||
| 505 | _aIntroduction (Page-1), Group Key Management Protocols (Page-7), Analysis of Self Group Key Management Protocols (Page-29), Collusion and Rejoining Attack Problem in Self-Healing KGMP (Page-37), A Self-Healing GKMP for KLH with Resistance to Collusion and Rejoining attacks (Page-52), Conclusion and Future Works (Page-70). | ||
| 650 |
_aPG Thesis _935000 |
||
| 942 |
_2ddc _cTHE _k005.8,SAE |
||
| 999 |
_c608153 _d608153 |
||